书目信息 |
| 题名: |
砌体结构
|
|
| 作者: | 周乐 主编 | |
| 分册: | ||
| 出版信息: | 北京 化学工业出版社 2014 |
|
| 页数: | 108页 | |
| 开本: | 26cm | |
| 丛书名: | ||
| 单 册: | ||
| 中图分类: | TU36 | |
| 科图分类: | ||
| 主题词: | 砌体结构 , 砌体结构--高等学校--教材 | |
| 电子资源: | ||
| ISBN: | 978-7-122-20642-8 | |
| 000 | 00833nam0 2200241 450 | |
| 001 | 141734 | |
| 005 | 20141111123303.23 | |
| 010 | @a978-7-122-20642-8@dCNY 22.00 | |
| 100 | @a20140904d2014 em y0chiy50 ea | |
| 101 | 0 | @achi |
| 102 | @aCN@b110000 | |
| 105 | @aa z 000yy | |
| 200 | 1 | @a砌体结构@9qi ti jie gou@b专著@f周乐主编 |
| 210 | @a北京@c化学工业出版社@d2014 | |
| 215 | @a108页@c图@d26cm | |
| 300 | @a高等学校土建类专业“十二五”规划教材 | |
| 330 | @a本书共7章,主要内容包括绪论,砌体材料及其基本力学性能,砌体结构的设计方法,无筋砌体结构构件的承载力计算,配筋砌体构件的承载力计算,混合结构房屋结构设计,过梁、圈梁、墙梁及悬挑构件。 | |
| 606 | 0 | @a砌体结构 |
| 606 | 0 | @a砌体结构@x高等学校@j教材 |
| 690 | @aTU36@v5 | |
| 701 | 0 | @a周乐@9zhou le@c(女,@f1978~)@4主编 |
| 801 | 0 | @c20141111 |
| 905 | @a241430@dTU36@eZ811 | |
| 砌体结构/周乐主编.-北京:化学工业出版社,2014 |
| 108页:图;26cm |
| 高等学校土建类专业“十二五”规划教材 |
| ISBN 978-7-122-20642-8:CNY 22.00 |
| 本书共7章,主要内容包括绪论,砌体材料及其基本力学性能,砌体结构的设计方法,无筋砌体结构构件的承载力计算,配筋砌体构件的承载力计算,混合结构房屋结构设计,过梁、圈梁、墙梁及悬挑构件。 |
| ● |
| 相关链接 |
|
|
|
正题名:砌体结构
索取号:TU36/Z811
 
预约/预借
| 序号 | 登录号 | 条形码 | 馆藏地/架位号 | 状态 | 备注 |
| 1 | 0838818 | 208388181 | 建筑库101/101建筑库 84排1列4层/ [索取号:TU36/Z811] | 在馆 | |
| 2 | 0838819 | 208388190 | 建筑库101/101建筑库 84排1列4层/ [索取号:TU36/Z811] | 在馆 | |
| 3 | 0838820 | 208388207 | 建筑库101/101建筑库 84排1列4层/ [索取号:TU36/Z811] | 在馆 |